Southville International School and Colleges
Your cart is empty.
  • Cart
  • Lists
    Public lists Eva Luna New books Lux_list list_1
    Your lists Log in to create your own lists
  • Log in to your account
  • Your cookies
  • Search history
Southville International School and Colleges
  • Advanced search
  • Recent comments
  • Most popular
  • Libraries

Log in to your account

Log in with GOOGLE


If you do not have an external account, but do have a local account, you can still log in:

  1. Home
  2. MARC view: Opuscula Selecta Neerlandicorum :
Normal view MARC view ISBD view

Opuscula Selecta Neerlandicorum : (Record no. 248327)

[ view plain ]
MARC details
000 -LEADER
fixed length control field 00983cam a22003013a 4500
001 - CONTROL NUMBER
control field 19072
003 - CONTROL NUMBER IDENTIFIER
control field PGUSA
005 - DATE AND TIME OF LATEST TRANSACTION
control field 20140828083414.0
008 - FIXED-LENGTH DATA ELEMENTS--GENERAL INFORMATION
fixed length control field 060818s2006||||xxu|||||s|||||000 | eng d
040 ## - CATALOGING SOURCE
Original cataloging agency PGUSA
Language of cataloging eng
042 ## - AUTHENTICATION CODE
Authentication code dc
050 #4 - LIBRARY OF CONGRESS CALL NUMBER
Classification number R
245 10 - TITLE STATEMENT
Title Opuscula Selecta Neerlandicorum :
Remainder of title Nederlandsch Tijdschrift voor Geneeskunde
Medium [electronic resource]
260 ## - PUBLICATION, DISTRIBUTION, ETC. (IMPRINT)
Name of publisher, distributor, etc Project Gutenberg,
Date of publication, distribution, etc 2006
506 ## - RESTRICTIONS ON ACCESS NOTE
Terms governing access Public domain in the USA.
516 ## - TYPE OF COMPUTER FILE OR DATA NOTE
Type of computer file or data note Electronic text
653 ## - INDEX TERM--UNCONTROLLED
Uncontrolled term Medicine -- Netherlands -- History
700 1# - ADDED ENTRY--PERSONAL NAME
Personal name Boerhaave, Herman,
Dates associated with a name 1668-1738
700 1# - ADDED ENTRY--PERSONAL NAME
Personal name Swammerdam, Jan,
Dates associated with a name 1637-1680
700 1# - ADDED ENTRY--PERSONAL NAME
Personal name Erasmus, Desiderius,
Dates associated with a name 1469-1536
700 1# - ADDED ENTRY--PERSONAL NAME
Personal name Gaubius, Hieronymus David,
Dates associated with a name -1780
700 1# - ADDED ENTRY--PERSONAL NAME
Personal name Leeuwenhoek, Antoni van,
Dates associated with a name 1632-1723
700 1# - ADDED ENTRY--PERSONAL NAME
Personal name Donders, F. C.
Fuller form of name (Franciscus Cornelis),
Dates associated with a name 1818-1889
700 1# - ADDED ENTRY--PERSONAL NAME
Personal name Treub, Hector,
Dates associated with a name 1856-1920
830 #0 - SERIES ADDED ENTRY--UNIFORM TITLE
Uniform title Project Gutenberg
Volume number/sequential designation 19072
856 40 - ELECTRONIC LOCATION AND ACCESS
Uniform Resource Identifier <a href="http://www.gutenberg.org/ebooks/19072">http://www.gutenberg.org/ebooks/19072</a>
942 ## - ADDED ENTRY ELEMENTS (KOHA)
Koha item type eBooks
Holdings
Withdrawn status Lost status Damaged status Home library Current library Date acquired Total Checkouts Date last seen Price effective from Koha item type
      Project Gutenberg Project Gutenberg 08/28/2014   08/28/2014 08/28/2014 eBooks

Opuscula Selecta Neerlandicorum :

APA

Boerhaave H., Swammerdam J., Erasmus D., Gaubius H. D., Leeuwenhoek A. v., Donders F. C. & Treub H. (2006). Opuscula Selecta Neerlandicorum. : Project Gutenberg.

Chicago

Boerhaave Herman, Swammerdam Jan, Erasmus Desiderius, Gaubius Hieronymus David, Leeuwenhoek Antoni van, Donders F C and Treub Hector. 2006. Opuscula Selecta Neerlandicorum. : Project Gutenberg.

Harvard

Boerhaave H., Swammerdam J., Erasmus D., Gaubius H. D., Leeuwenhoek A. v., Donders F. C. and Treub H. (2006). Opuscula Selecta Neerlandicorum. : Project Gutenberg.

MLA

Boerhaave Herman, Swammerdam Jan, Erasmus Desiderius, Gaubius Hieronymus David, Leeuwenhoek Antoni van, Donders F C and Treub Hector. Opuscula Selecta Neerlandicorum. : Project Gutenberg. 2006.

  • Place hold
  • Print
  • Cite
  • Add to your cart (remove)
  • Save record
    BIBTEX Dublin Core MARCXML MARC (non-Unicode/MARC-8) MARC (Unicode/UTF-8) MARC (Unicode/UTF-8, Standard) MODS (XML) RIS
  • More searches
    Search for this title in:
    Other Libraries (WorldCat) Other Databases (Google Scholar) Online Stores (Bookfinder.com) Open Library (openlibrary.org)

Exporting to Dublin Core...

SOUTHVILLE LIBRARY

Southville International School and Colleges Library

1281 Tropical Ave. Cor. Luxembourg St., BF Homes International, Las Pinas City

Tel. No. 8256374 / 252358 Loc. 117/146

Powered by Koha